Introduction to animal cell structure (Record no. 358397)

MARC details
000 -LEADER
fixed length control field 00487 a2200193 4500
005 - DATE & TIME
control field 20250512110432.0
008 - FIXED-LENGTH DATA ELEMENTS--GENERAL INFORMATION
fixed length control field 250509b |||||||| |||| 00| 0 eng d
020 ## - ISBN
International Standard Book Number 9781835353424
Price £ 160.00
040 ## - CATALOGING SOURCE
Original cataloging agency VIVEKANANDA LIBRARY
082 ## - DDC NUMBER
Classification number 571.6381
Book Number Y18I
100 ## - MAIN ENTRY--PERSONAL NAME
Personal name Yaohu K
245 ## - TITLE STATEMENT
Title Introduction to animal cell structure
260 ## - PUBLICATION, DISTRIBUTION, ETC. (IMPRINT)
Name of publisher, distributor, etc E-Tech Press
Date of publication, distribution, etc 2025
Place of publication, distribution, etc London
300 ## - PHYSICAL DESCRIPTION
Pages viii, 304
650 ## - Subject
Subject Biology
650 ## - Subject
Subject Cell Culture
650 ## - Subject
Subject Animal Cell Culture
942 ## - ADDED ENTRY ELEMENTS (KOHA)
Koha item type Books
Holdings
Withdrawn status Lost status Source of classification or shelving scheme Damaged status Not for loan Location (home branch) Sublocation or collection (holding branch) Shelving location Date acquired Koha issues (times borrowed) Koha full call number Accession No. Koha date last seen Koha item type
    Dewey Decimal Classification     VIVEKANANDA LIBRARY VIVEKANANDA LIBRARY Vivekananda Library 21/01/2025   571.6381 Y18I 436620 21/01/2025 Books
© Designed and Maintained by Vivekananda Library, MDU Rohtak